[Event "VII Open Internazionale"]
[Site "Pescara ITA"]
[Date "2004.11.12"]
[Round "3"]
[White "Chilingirova, Pavlina"]
[Black "Grasso, Nino"]
[Result "1-0"]
[WhiteElo "2178"]
[BlackElo "2003"]
[PlyCount "59"]
[EventDate "2004.11.11"]

1. c4 e5 2. Nc3 Nf6 3. Nf3 Nc6 4. d3 d5 5. cxd5 Nxd5 6. e3 Be7 7. Be2 Be6 8.
O-O O-O 9. a3 f5 10. Qc2 Bf6 11. Nxd5 Bxd5 12. e4 fxe4 13. dxe4 Be6 14. Be3 Nd4
15. Bxd4 exd4 16. Bc4 Qd7 17. Rad1 Kh8 18. e5 Be7 19. Bxe6 Qxe6 20. Rxd4 c5 21.
Rdd1 Rf4 22. Qd2 Raf8 23. Qd7 Qg6 24. Qxe7 Rxf3 25. Rd8 Qf7 26. Rxf8+ Qxf8 27.
Qxb7 Rf7 28. Qd5 h6 29. e6 Rf5 30. e7 1-0

[Event "VII Open Internazionale"]
[Site "Pescara ITA"]
[Date "2004.11.12"]
[Round "3"]
[White "Georgiev, Krum I."]
[Black "Cerquitella, Luca"]
[Result "1-0"]
[WhiteElo "2448"]
[BlackElo "2180"]
[PlyCount "83"]
[EventDate "2004.11.11"]

1. e4 e5 2. Nf3 Nc6 3. Bb5 a6 4. Bxc6 dxc6 5. d4 exd4 6. Qxd4 Qxd4 7. Nxd4 Bd7
8. Nc3 O-O-O 9. Be3 Ne7 10. O-O-O f6 11. h4 Ng6 12. h5 Ne5 13. f3 Bd6 14. Nde2
Rhe8 15. Kb1 c5 16. Nd5 Bc6 17. Nec3 h6 18. Bc1 b5 19. Ne3 Nf7 20. Ncd5 Bxd5
21. Rxd5 c6 22. Rdd1 Bf8 23. b3 Kb7 24. Bb2 Nd6 25. c4 Kb6 26. Kc2 a5 27. a4
bxa4 28. bxa4 f5 29. Nxf5 Nxc4 30. Bc3 Ka6 31. Rxd8 Rxd8 32. Ra1 Nb6 33. g4 Rd7
34. Rd1 Rxd1 35. Kxd1 Nxa4 36. Bxg7 Bxg7 37. Nxg7 Nb2+ 38. Kc2 Nc4 39. g5 hxg5
40. h6 Ne5 41. h7 Ng6 42. e5 1-0

[Event "VII Open Internazionale"]
[Site "Pescara ITA"]
[Date "2004.11.12"]
[Round "3"]
[White "Giacchetti, Claudio"]
[Black "Scuderi, David"]
[Result "1-0"]
[WhiteElo "1786"]
[BlackElo "2071"]
[PlyCount "31"]
[EventDate "2004.11.11"]

1. d4 Nf6 2. Nf3 c5 3. d5 d6 4. c4 b5 5. cxb5 a6 6. b6 Qxb6 7. Nc3 g6 8. g3 Bg7
9. Bg2 O-O 10. O-O Nbd7 11. e4 Qb4 12. a3 Qc4 13. Re1 Ng4 14. Bf1 Bd4 15. Bxc4
Nxf2 16. Qe2 1-0

[Event "VII Open Internazionale"]
[Site "Pescara ITA"]
[Date "2004.11.12"]
[Round "3"]
[White "Logallo, Claudio"]
[Black "Tonelli, Claudio"]
[Result "1-0"]
[WhiteElo "2022"]
[BlackElo "1696"]
[PlyCount "35"]
[EventDate "2004.11.11"]

1. e4 c5 2. Nf3 e6 3. d3 Qc7 4. g3 Nc6 5. Bg2 b6 6. O-O Bb7 7. Re1 Be7 8. Bf4
d6 9. e5 d5 10. Nc3 a6 11. Nxd5 exd5 12. e6 Qd8 13. exf7+ Kxf7 14. Qe2 Bc8 15.
c4 Kf8 16. cxd5 Nb4 17. d6 Bxd6 18. Bxd6+ 1-0

[Event "VII Open Internazionale"]
[Site "Pescara ITA"]
[Date "2004.11.12"]
[Round "3"]
[White "Luciani, Valerio"]
[Black "Di Pierdomenico, Gianni"]
[Result "1-0"]
[WhiteElo "2182"]
[BlackElo "1736"]
[PlyCount "97"]
[EventDate "2004.11.11"]

1. d4 Nf6 2. c4 g6 3. Nc3 Bg7 4. e4 d6 5. f3 O-O 6. Be3 Nc6 7. Rb1 e5 8. d5 Ne7
9. Bd3 Nh5 10. Nge2 f5 11. O-O f4 12. Bf2 g5 13. c5 Kh8 14. cxd6 cxd6 15. h3
Ng6 16. Qb3 Nf6 17. Rfc1 Rf7 18. Nb5 a6 19. Na7 Ne8 20. Bb6 Qd7 21. Rc3 Ne7 22.
Rbc1 Rxa7 23. Bxa7 b5 24. Bb6 h5 25. Qc2 Bb7 26. Qd1 Bc8 27. b4 g4 28. hxg4
hxg4 29. Kf2 Bf6 30. Ke1 Rh7 31. Kd2 gxf3 32. gxf3 Qh3 33. Qf1 Qd7 34. Qg2 Rg7
35. Qf2 Rh7 36. Qg2 Qb7 37. Ba5 Bh3 38. Qg1 Bh4 39. Qb6 Qa8 40. a4 bxa4 41.
Qxa6 Qxa6 42. Bxa6 Bf2 43. b5 Be3+ 44. Rxe3 fxe3+ 45. Kxe3 Nxd5+ 46. exd5 Nf6
47. Nc3 Ra7 48. Bd8 Nd7 49. Nxa4 1-0

[Event "VII Open Internazionale"]
[Site "Pescara ITA"]
[Date "2004.11.12"]
[Round "3"]
[White "Rebeggiani, Andrea"]
[Black "Amaranto, Luca"]
[Result "0-1"]
[WhiteElo "1932"]
[BlackElo "1889"]
[PlyCount "54"]
[EventDate "2004.11.11"]

1. e4 c5 2. f4 g6 3. Nf3 Bg7 4. Nc3 Nc6 5. Bc4 e6 6. f5 gxf5 7. d3 Nge7 8. O-O
a6 9. Qe1 b5 10. Bb3 d6 11. Qg3 Rg8 12. Qh4 Bb7 13. Bg5 Qc7 14. Qxh7 O-O-O 15.
exf5 Nxf5 16. Bxd8 Qxd8 17. Qh5 Ncd4 18. Qxf7 d5 19. a3 Rf8 20. Qg6 Rf6 21. Qg4
Rh6 22. Nxd4 Bxd4+ 23. Rf2 Qd6 24. h3 Rf6 25. Nd1 Qe5 26. Qf3 Nh4 27. Qxf6 Qxf6
0-1

[Event "VII Open Internazionale"]
[Site "Pescara ITA"]
[Date "2004.11.13"]
[Round "4"]
[White "Aleksic, Nenad"]
[Black "Georgiev, Krum I."]
[Result "1/2-1/2"]
[WhiteElo "2393"]
[BlackElo "2448"]
[PlyCount "21"]
[EventDate "2004.11.11"]

1. d4 g6 2. Nf3 Bg7 3. c3 d6 4. Nbd2 Nd7 5. e4 e5 6. dxe5 dxe5 7. Be2 Ngf6 8.
O-O O-O 9. Qc2 b6 10. Re1 Bb7 11. Bf1 1/2-1/2

[Event "VII Open Internazionale"]
[Site "Pescara ITA"]
[Date "2004.11.13"]
[Round "4"]
[White "Cerquitella, Luca"]
[Black "Velikov, Petar V."]
[Result "0-1"]
[WhiteElo "2180"]
[BlackElo "2442"]
[PlyCount "54"]
[EventDate "2004.11.11"]

1. e4 c5 2. Nf3 e6 3. d4 cxd4 4. Nxd4 a6 5. Bd3 Nf6 6. O-O Qc7 7. c4 Nc6 8.
Nxc6 dxc6 9. Nc3 e5 10. h3 Bc5 11. Bg5 Nd7 12. a3 a5 13. Rb1 Qd6 14. Na4 Bd4
15. b4 axb4 16. axb4 Qg6 17. Be3 Bxe3 18. fxe3 O-O 19. c5 Nf6 20. Nb6 Bxh3 21.
Qf3 Bg4 22. Qg3 Rad8 23. Bc2 Rd2 24. Rbc1 Be6 25. Qxg6 hxg6 26. Bd1 Rb2 27. Nc4
Rxb4 0-1

[Event "VII Open Internazionale"]
[Site "Pescara ITA"]
[Date "2004.11.13"]
[Round "4"]
[White "Chilingirova, Pavlina"]
[Black "Giacchetti, Claudio"]
[Result "1/2-1/2"]
[WhiteElo "2178"]
[BlackElo "1786"]
[PlyCount "84"]
[EventDate "2004.11.11"]

1. c4 c5 2. Nc3 Nc6 3. g3 g6 4. Bg2 Bg7 5. a3 e5 6. Rb1 a5 7. e3 Nge7 8. Nge2
d6 9. d3 Be6 10. Nd5 O-O 11. Nec3 f5 12. O-O Kh8 13. f4 Bxd5 14. cxd5 Nb8 15.
Bd2 Nd7 16. Kh1 Rb8 17. Nb5 exf4 18. gxf4 Nf6 19. e4 b6 20. b4 axb4 21. axb4
Qd7 22. bxc5 bxc5 23. Nc3 Ng4 24. Qe2 Bd4 25. h3 Rxb1 26. Nxb1 Nf6 27. Na3 Nh5
28. Kh2 Ra8 29. Nc4 Ra2 30. Qf3 Bf6 31. Rb1 Qc7 32. e5 Rxd2 33. Nxd2 dxe5 34.
Nc4 Nc8 35. d6 Nxd6 36. Qd5 Nxc4 37. Rb7 Ne3 38. Qe6 Qd8 39. Bf3 Nf1+ 40. Kh1
Nfg3+ 41. Kh2 Nf1+ 42. Kh1 Nfg3+ 1/2-1/2

[Event "VII Open Internazionale"]
[Site "Pescara ITA"]
[Date "2004.11.13"]
[Round "4"]
[White "Di Pierdomenico, Gianni"]
[Black "Logallo, Claudio"]
[Result "1/2-1/2"]
[WhiteElo "1736"]
[BlackElo "2022"]
[PlyCount "46"]
[EventDate "2004.11.11"]

1. d4 Nf6 2. c4 g6 3. Nc3 Bg7 4. g3 d6 5. Bg2 O-O 6. Nf3 Nbd7 7. O-O e5 8. e4
exd4 9. Nxd4 Re8 10. h3 Nc5 11. Re1 a5 12. Bg5 c6 13. Qc2 h6 14. Be3 a4 15.
Rad1 Nfd7 16. f4 Qa5 17. Kh2 Nf8 18. Nde2 a3 19. b3 f5 20. Bd4 fxe4 21. Bxg7
Kxg7 22. Nxe4 Bf5 23. Qc3+ Qxc3 1/2-1/2

[Event "VII Open Internazionale"]
[Site "Pescara ITA"]
[Date "2004.11.13"]
[Round "4"]
[White "Grasso, Nino"]
[Black "Amaranto, Luca"]
[Result "1-0"]
[WhiteElo "2003"]
[BlackElo "1889"]
[PlyCount "81"]
[EventDate "2004.11.11"]

1. e4 c5 2. c3 Nf6 3. e5 Nd5 4. d4 cxd4 5. Bc4 Nb6 6. Bb3 Nc6 7. cxd4 e6 8. Nf3
d6 9. Qe2 Be7 10. O-O O-O 11. Nc3 a6 12. a3 Qc7 13. Bf4 dxe5 14. dxe5 Nd7 15.
Rac1 b6 16. Ne4 Nc5 17. Ba2 Nxe4 18. Qxe4 Bb7 19. Bb1 g6 20. Bh6 Rfd8 21. Qf4
Rac8 22. Rfe1 Rd7 23. Ng5 Bc5 24. Qf6 Bf8 25. Bxf8 Rxf8 26. Nxh7 Rc8 27. Qh4
Kg7 28. Nf6 Rh8 29. Qg5 Qd8 30. f4 Rd2 31. Be4 Na5 32. Bxb7 Nxb7 33. Ne4 Qxg5
34. Nxg5 Rh4 35. Rc7 Nd8 36. Nf3 Rxb2 37. Nxh4 Rb3 38. Rd1 Rxa3 39. Rxd8 Ra4
40. g3 g5 41. fxg5 1-0

[Event "VII Open Internazionale"]
[Site "Pescara ITA"]
[Date "2004.11.13"]
[Round "4"]
[White "Scuderi, David"]
[Black "Luciani, Valerio"]
[Result "0-1"]
[WhiteElo "2071"]
[BlackElo "2182"]
[PlyCount "90"]
[EventDate "2004.11.11"]

1. e4 d6 2. d4 Nf6 3. Nc3 c6 4. Bg5 Nbd7 5. f4 Qa5 6. Qd2 e5 7. Nf3 Be7 8. Be2
O-O 9. O-O Re8 10. a3 h6 11. fxe5 dxe5 12. Be3 Ng4 13. Bf2 Nxf2 14. Rxf2 exd4
15. Nxd4 Ne5 16. b4 Qc7 17. Qf4 Bg5 18. Qg3 Qd8 19. Nf3 Be3 20. Nxe5 Bxf2+ 21.
Qxf2 Rxe5 22. Bc4 Be6 23. Rd1 Qb6 24. Bxe6 Qxf2+ 25. Kxf2 Rxe6 26. Rd7 Rb8 27.
Kf3 Kf8 28. Na4 Ke8 29. Nc5 Re7 30. Rxe7+ Kxe7 31. c4 Rd8 32. Ke3 Rd1 33. Nxb7
Ra1 34. Na5 Rxa3+ 35. Kd4 Kd6 36. e5+ Kc7 37. Kc5 Ra2 38. Nxc6 a6 39. Ne7 Rxg2
40. Nd5+ Kb7 41. Kd6 Rxh2 42. c5 Rc2 43. Ne7 Rd2+ 44. Nd5 Rxd5+ 45. Kxd5 Kc7
0-1

[Event "VII Open Internazionale"]
[Site "Pescara ITA"]
[Date "2004.11.13"]
[Round "4"]
[White "Tonelli, Claudio"]
[Black "Rebeggiani, Andrea"]
[Result "0-1"]
[WhiteElo "1696"]
[BlackElo "1932"]
[PlyCount "82"]
[EventDate "2004.11.11"]

1. d4 Nf6 2. Nf3 g6 3. Bg5 Bg7 4. e3 d6 5. Be2 Nbd7 6. Nbd2 O-O 7. O-O h6 8.
Bxf6 Nxf6 9. h3 b6 10. c3 Bb7 11. Qc2 c5 12. Bc4 Rc8 13. Nh4 d5 14. Bd3 cxd4
15. exd4 e6 16. Nhf3 a6 17. Ne5 Nd7 18. f4 b5 19. a3 Nb8 20. Ndf3 Nc6 21. Nxc6
Bxc6 22. Ne5 Be8 23. Rae1 a5 24. Qb1 b4 25. axb4 axb4 26. Qc2 bxc3 27. bxc3 Qa5
28. Rc1 Bb5 29. Rfe1 Rc7 30. Bxg6 fxg6 31. Qxg6 Rf6 32. Qg3 Rc8 33. Ng4 Rg6 34.
Qe3 Kh7 35. Ne5 Bxe5 36. Qxe5 Bd3 37. Ra1 Qc7 38. Qe3 Be4 39. g4 Qxc3 40. Qf2
Qxh3 41. Ra7+ Kg8 0-1

[Event "VII Open Internazionale"]
[Site "Pescara ITA"]
[Date "2004.11.13"]
[Round "5"]
[White "Amaranto, Luca"]
[Black "Tonelli, Claudio"]
[Result "1-0"]
[WhiteElo "1889"]
[BlackElo "1696"]
[PlyCount "101"]
[EventDate "2004.11.11"]

1. d4 f5 2. Nf3 g6 3. e3 Bg7 4. Bc4 e6 5. O-O Nf6 6. Bb3 O-O 7. c4 Kh8 8. Nc3
d6 9. Re1 Ne4 10. Nd2 Nxf2 11. Kxf2 f4 12. Nf3 fxe3+ 13. Bxe3 g5 14. Kg1 g4 15.
Ng5 h6 16. Nge4 e5 17. Qd2 Qh4 18. Rf1 Bf5 19. Ng3 Bg6 20. Rxf8+ Bxf8 21. dxe5
dxe5 22. Rf1 Nc6 23. Nf5 Qh5 24. Ng3 Qh4 25. Qf2 Bg7 26. Nf5 Qxf2+ 27. Rxf2
Bxf5 28. Rxf5 Nd4 29. Rh5 Nxb3 30. axb3 Kh7 31. Rf5 Kg6 32. Rf2 Re8 33. Nd5 c6
34. Nc3 a6 35. Rd2 Re7 36. Rd6+ Kh7 37. Ne4 Rf7 38. Nc5 Bf8 39. Rd7 Rxd7 40.
Nxd7 Bg7 41. Nc5 Kg6 42. Nxb7 Kf5 43. Nc5 e4 44. Nxa6 Bxb2 45. Kf2 h5 46. Nb4
Be5 47. g3 h4 48. Nxc6 hxg3+ 49. hxg3 Bc7 50. b4 Ke6 51. b5 1-0

[Event "VII Open Internazionale"]
[Site "Pescara ITA"]
[Date "2004.11.13"]
[Round "5"]
[White "Cerquitella, Luca"]
[Black "Di Pierdomenico, Gianni"]
[Result "1-0"]
[WhiteElo "2180"]
[BlackElo "1736"]
[PlyCount "35"]
[EventDate "2004.11.11"]

1. e4 c5 2. Nf3 Nc6 3. d4 cxd4 4. Nxd4 Nf6 5. Nc3 d6 6. Bc4 e6 7. Be3 Be7 8.
Qe2 a6 9. O-O-O Qc7 10. Bb3 O-O 11. Rhg1 Nxd4 12. Bxd4 Nd7 13. g4 Nc5 14. g5
Nxb3+ 15. axb3 b5 16. Qh5 Rd8 17. Rd3 g6 18. Qxh7+ 1-0

[Event "VII Open Internazionale"]
[Site "Pescara ITA"]
[Date "2004.11.13"]
[Round "5"]
[White "Giacchetti, Claudio"]
[Black "Grasso, Nino"]
[Result "1/2-1/2"]
[WhiteElo "1786"]
[BlackElo "2003"]
[PlyCount "111"]
[EventDate "2004.11.11"]

1. d4 Nf6 2. Nf3 c5 3. dxc5 Na6 4. g3 Nxc5 5. Bg2 Nce4 6. O-O g6 7. c3 Bg7 8.
Nbd2 O-O 9. Nxe4 Nxe4 10. Qd5 Nf6 11. Qb3 Qc7 12. Nd4 a6 13. Bg5 Rb8 14. a4 b6
15. Rfd1 Bb7 16. Nf3 d6 17. Be3 Bc6 18. h3 Qb7 19. a5 bxa5 20. Qxb7 Rxb7 21.
Rxa5 Rxb2 22. Rxa6 Bb5 23. Rb6 Bxe2 24. Rdxd6 Rxb6 25. Rxb6 Nd5 26. Rc6 Nxc3
27. Nd4 e5 28. Nxe2 Nxe2+ 29. Kh2 Nd4 30. Rc7 Ne6 31. Rb7 Rd8 32. Bb6 Rd6 33.
Rb8+ Bf8 34. Be3 Kg7 35. Re8 Rd8 36. Rxd8 Nxd8 37. Bd5 f5 38. Bb6 Nf7 39. Bc7
Bc5 40. Kg2 Bd4 41. h4 Kf6 42. f3 h6 43. Kh3 g5 44. g4 fxg4+ 45. Kxg4 gxh4 46.
Kxh4 Kg6 47. Be4+ Kg7 48. Kg4 Be3 49. Kf5 Bf4 50. Bd5 Ng5 51. Bd8 Nf7 52. Bf6+
Kf8 53. Kg6 Nd6 54. Bg7+ Ke7 55. Bxh6 Bxh6 56. Kxh6 1/2-1/2

[Event "VII Open Internazionale"]
[Site "Pescara ITA"]
[Date "2004.11.13"]
[Round "5"]
[White "Logallo, Claudio"]
[Black "Chilingirova, Pavlina"]
[Result "0-1"]
[WhiteElo "2022"]
[BlackElo "2178"]
[PlyCount "72"]
[EventDate "2004.11.11"]

1. e4 c5 2. Nf3 d6 3. d4 Nf6 4. Nc3 cxd4 5. Nxd4 a6 6. Bc4 e6 7. Bb3 Nbd7 8.
O-O Nc5 9. Qe2 Be7 10. Bg5 Qc7 11. Rad1 O-O 12. f4 Nxb3 13. axb3 h6 14. Bxf6
Bxf6 15. Kh1 b5 16. b4 Bb7 17. f5 Qe7 18. Qg4 Rfe8 19. fxe6 fxe6 20. Rd3 Rac8
21. Nd5 Bxd5 22. exd5 Bxd4 23. Qxd4 e5 24. Qf2 e4 25. Rdd1 e3 26. Qe2 Qg5 27.
c3 Re5 28. Rd4 Qg6 29. h3 Rf8 30. Rxf8+ Kxf8 31. Rf4+ Kg8 32. Rf3 Qb1+ 33. Kh2
Qe4 34. Kg1 h5 35. g3 Qxf3 36. Qxf3 e2 0-1

[Event "VII Open Internazionale"]
[Site "Pescara ITA"]
[Date "2004.11.13"]
[Round "5"]
[White "Luciani, Valerio"]
[Black "Aleksic, Nenad"]
[Result "0-1"]
[WhiteElo "2182"]
[BlackElo "2393"]
[PlyCount "36"]
[EventDate "2004.11.11"]

1. d4 Nf6 2. c4 e6 3. Nc3 Bb4 4. Bg5 h6 5. Bh4 c5 6. d5 b5 7. f3 bxc4 8. e4
exd5 9. exd5 Qe7+ 10. Kf2 Bxc3 11. bxc3 Ne4+ 12. fxe4 Qxh4+ 13. Ke3 Qf6 14. Qd2
O-O 15. Bxc4 d6 16. Bb5 a6 17. Ba4 Bd7 18. Bc2 Qg5+ 0-1

[Event "VII Open Internazionale"]
[Site "Pescara ITA"]
[Date "2004.11.13"]
[Round "5"]
[White "Rebeggiani, Andrea"]
[Black "Scuderi, David"]
[Result "1/2-1/2"]
[WhiteElo "1932"]
[BlackElo "2071"]
[PlyCount "93"]
[EventDate "2004.11.11"]

1. e4 e6 2. d4 d5 3. Nc3 Bb4 4. e5 c5 5. a3 Bxc3+ 6. bxc3 Qc7 7. Qg4 Ne7 8.
Qxg7 Rg8 9. Qxh7 cxd4 10. Ne2 Nbc6 11. f4 Bd7 12. Qd3 dxc3 13. Nxc3 a6 14. Rb1
Rc8 15. h4 Nxe5 16. fxe5 Qxc3+ 17. Qxc3 Rxc3 18. Rxb7 Rxc2 19. Bg5 Nc6 20. Kd1
Ra2 21. Rh3 Ra1+ 22. Ke2 Ra2+ 23. Ke1 Rc2 24. Rhb3 Nxe5 25. Rb8+ Bc8 26. Bxa6
Kd7 27. Bxc8+ Rgxc8 28. R3b7+ R8c7 29. Rd8+ Kc6 30. Rxc7+ Kxc7 31. Rg8 Kb7 32.
Be7 Ng6 33. Bf6 Rxg2 34. Rg7 Kc6 35. Rxf7 Rh2 36. Rh7 Nf4 37. Bg5 Nd3+ 38. Kd1
e5 39. h5 e4 40. h6 Nb2+ 41. Kc1 Nc4 42. Rc7+ Kb6 43. Bd8 Kb5 44. h7 e3 45. Bf6
e2 46. Re7 Rxh7 47. Rxe2 1/2-1/2

[Event "VII Open Internazionale"]
[Site "Pescara ITA"]
[Date "2004.11.13"]
[Round "5"]
[White "Velikov, Petar V."]
[Black "Georgiev, Krum I."]
[Result "1/2-1/2"]
[WhiteElo "2442"]
[BlackElo "2448"]
[PlyCount "28"]
[EventDate "2004.11.11"]

1. d4 f5 2. Nf3 Nf6 3. g3 e6 4. Bg2 d5 5. O-O c6 6. c4 Be7 7. b3 Nbd7 8. Ba3
Bxa3 9. Nxa3 Ne4 10. Nc2 O-O 11. Nfe1 dxc4 12. bxc4 e5 13. Nd3 exd4 14. Nxd4
Nb6 1/2-1/2

[Event "VII Open Internazionale"]
[Site "Pescara ITA"]
[Date "2004.11.14"]
[Round "6"]
[White "Aleksic, Nenad"]
[Black "Chilingirova, Pavlina"]
[Result "1/2-1/2"]
[WhiteElo "2393"]
[BlackElo "2178"]
[PlyCount "22"]
[EventDate "2004.11.11"]

1. e4 c5 2. Nf3 d6 3. d4 cxd4 4. Nxd4 Nf6 5. Nc3 a6 6. Bc4 e6 7. Bb3 Nbd7 8.
Bg5 Nc5 9. f4 Be7 10. Qf3 Qc7 11. O-O-O b5 1/2-1/2

[Event "VII Open Internazionale"]
[Site "Pescara ITA"]
[Date "2004.11.14"]
[Round "6"]
[White "Georgiev, Krum I."]
[Black "Giacchetti, Claudio"]
[Result "1/2-1/2"]
[WhiteElo "2448"]
[BlackElo "1786"]
[PlyCount "23"]
[EventDate "2004.11.11"]

1. e4 e5 2. d3 d5 3. Nd2 dxe4 4. dxe4 Nf6 5. Ngf3 Bc5 6. Bd3 Bxf2+ 7. Kxf2 Ng4+
8. Kg1 c6 9. Nc4 b5 10. h3 bxc4 11. hxg4 Qb6+ 12. Kh2 1/2-1/2

[Event "VII Open Internazionale"]
[Site "Pescara ITA"]
[Date "2004.11.14"]
[Round "6"]
[White "Logallo, Claudio"]
[Black "Rebeggiani, Andrea"]
[Result "0-1"]
[WhiteElo "2022"]
[BlackElo "1932"]
[PlyCount "40"]
[EventDate "2004.11.11"]

1. e4 e5 2. f4 Nc6 3. Bc4 Bc5 4. Nf3 d6 5. c3 Nf6 6. b4 Bb6 7. Qb3 O-O 8. d3
exf4 9. Bxf4 a5 10. b5 Ne7 11. Bd5 Nexd5 12. exd5 c6 13. dxc6 bxc6 14. d4 Re8+
15. Kd1 Be6 16. Qa3 c5 17. Nbd2 Nd5 18. Bg3 Ne3+ 19. Kc1 Rc8 20. d5 Bxd5 0-1

[Event "VII Open Internazionale"]
[Site "Pescara ITA"]
[Date "2004.11.14"]
[Round "6"]
[White "Scuderi, David"]
[Black "Amaranto, Luca"]
[Result "1-0"]
[WhiteElo "2071"]
[BlackElo "1889"]
[PlyCount "39"]
[EventDate "2004.11.11"]

1. e4 c5 2. c3 Nf6 3. e5 Nd5 4. d4 cxd4 5. cxd4 d6 6. Bc4 Nb6 7. Bb3 dxe5 8.
Qh5 e6 9. dxe5 Nc6 10. Nc3 Bb4 11. Bd2 Bxc3 12. Bxc3 Nd5 13. Rd1 Nce7 14. Ne2
Bd7 15. O-O O-O 16. Bc2 g6 17. Qh6 Nxc3 18. Nxc3 Qc7 19. Ne4 f6 20. Nxf6+ 1-0

[Event "VII Open Internazionale"]
[Site "Pescara ITA"]
[Date "2004.11.14"]
[Round "6"]
[White "Tonelli, Claudio"]
[Black "Di Pierdomenico, Gianni"]
[Result "1-0"]
[WhiteElo "1696"]
[BlackElo "1736"]
[PlyCount "21"]
[EventDate "2004.11.11"]

1. d4 Nf6 2. Nf3 g6 3. Bg5 Bg7 4. Nbd2 d6 5. h3 O-O 6. e3 b6 7. Bc4 c5 8. c3
Ba6 9. Bxf6 Bxf6 10. Bd5 Qc7 11. Bxa8 1-0

[Event "VII Open Internazionale"]
[Site "Pescara ITA"]
[Date "2004.11.14"]
[Round "6"]
[White "Velikov, Petar V."]
[Black "Luciani, Valerio"]
[Result "1/2-1/2"]
[WhiteElo "2442"]
[BlackElo "2182"]
[PlyCount "23"]
[EventDate "2004.11.11"]

1. Nf3 f5 2. g3 Nf6 3. Bg2 g6 4. b3 Bg7 5. Bb2 d6 6. d4 O-O 7. O-O Qe8 8. c4 e5
9. dxe5 Ng4 10. Nc3 Nxe5 11. Qd2 Nbc6 12. Nd5 1/2-1/2

[Event "XI Torneo Internazionale"]
[Site "Montecatini Terme ITA"]
[Date "2004.11.06"]
[Round "1"]
[White "Bontempi, Piero"]
[Black "Kaps, Darja"]
[Result "0-1"]
[WhiteElo "2334"]
[BlackElo "2236"]
[PlyCount "62"]
[EventDate "2004.11.06"]

1. e4 c5 2. c3 Nf6 3. e5 Nd5 4. Nf3 Nc6 5. Na3 d6 6. exd6 Qxd6 7. d4 cxd4 8.
Nb5 Qb8 9. Nbxd4 e5 10. Nxc6 bxc6 11. Bc4 Bd6 12. Bxd5 cxd5 13. Qxd5 O-O 14. h3
Bb7 15. Qb3 Qc8 16. Qc2 e4 17. Nd4 Ba6 18. Be3 Bd3 19. Qd2 Rb8 20. Ne2 Qb7 21.
b3 Rfc8 22. O-O Be5 23. Rac1 Rc6 24. Bd4 Rg6 25. Qe3 Bc7 26. Rfe1 Qa6 27. Nf4
Qd6 28. g3 Qxf4 29. Bxa7 Ra8 30. a4 Qh4 31. Kg2 Bf4 0-1

[Event "XI Torneo Internazionale"]
[Site "Montecatini Terme ITA"]
[Date "2004.11.06"]
[Round "1"]
[White "Castaldo, Folco"]
[Black "Sciortino, Massimo"]
[Result "1-0"]
[WhiteElo "2361"]
[BlackElo "2222"]
[PlyCount "51"]
[EventDate "2004.11.06"]

1. e4 e5 2. Nf3 Nc6 3. Bc4 Bc5 4. c3 Nf6 5. d3 a6 6. Bb3 d6 7. h3 Ba7 8. Nbd2
O-O 9. Nf1 d5 10. Qe2 h6 11. g4 dxe4 12. dxe4 Qd6 13. g5 hxg5 14. Bxg5 Nd7 15.
Rd1 Qg6 16. Rg1 Qh7 17. Ne3 Nc5 18. Bf6 g6 19. Ng5 Qh6 20. Bd5 Be6 21. Nf5 Bxf5
22. exf5 e4 23. Nxf7 Nd3+ 24. Rxd3 exd3 25. Nxh6+ Kh7 26. fxg6+ 1-0

[Event "XI Torneo Internazionale"]
[Site "Montecatini Terme ITA"]
[Date "2004.11.06"]
[Round "1"]
[White "De Santis, Alessio"]
[Black "Tocchioni, Doriano"]
[Result "1-0"]
[WhiteElo "2268"]
[BlackElo "2274"]
[PlyCount "81"]
[EventDate "2004.11.06"]

1. d4 c5 2. d5 e5 3. e4 d6 4. Nc3 Be7 5. h3 Nd7 6. Nf3 Bf6 7. a4 Ne7 8. Nd2 O-O
9. Nb5 Bg5 10. Nxd6 Bxd2+ 11. Bxd2 Nf6 12. Nxc8 Nxc8 13. Qe2 Nd6 14. f3 Nh5 15.
Qf2 f5 16. exf5 Nxf5 17. O-O-O Nd4 18. Bc4 Qd7 19. b3 a6 20. a5 Nf4 21. Rhe1
Qd6 22. Bxf4 Rxf4 23. Qe3 e4 24. fxe4 Qe5 25. c3 Nb5 26. d6+ Kh8 27. Bxb5 axb5
28. Rd5 Qf6 29. d7 h6 30. d8=Q+ Rxd8 31. Rxd8+ Qxd8 32. Qxf4 Qxa5 33. Qf8+ Kh7
34. Qf5+ Kh8 35. Qxc5 Qa1+ 36. Kd2 Qb2+ 37. Kd3 Qxg2 38. Qc8+ Kh7 39. Qf5+ Kh8
40. Re2 Qg3+ 41. Kc2 1-0

[Event "XI Torneo Internazionale"]
[Site "Montecatini Terme ITA"]
[Date "2004.11.06"]
[Round "1"]
[White "Sozzi, Stefano"]
[Black "Miladinovic, Igor"]
[Result "0-1"]
[WhiteElo "1521"]
[BlackElo "2611"]
[PlyCount "50"]
[EventDate "2004.11.06"]

1. e4 c5 2. Nf3 Nc6 3. d4 cxd4 4. Nxd4 Qc7 5. Be3 e6 6. c3 Nf6 7. Bd3 a6 8. Nd2
Ne5 9. Be2 h5 10. Bf4 Nd3+ 11. Bxd3 Qxf4 12. Qf3 Qc7 13. Qe2 b6 14. f4 Qxf4 15.
O-O-O Ng4 16. Rdf1 Qe3 17. Qxe3 Nxe3 18. Rf2 Ng4 19. Rf3 Ne5 20. Re3 g6 21. Rf1
Bb7 22. Bc2 Bh6 23. Re2 Rc8 24. Kb1 Ng4 25. Nc4 Rxc4 0-1

[Event "XI Torneo Internazionale"]
[Site "Montecatini Terme ITA"]
[Date "2004.11.07"]
[Round "2"]
[White "Di Caro, Calogero"]
[Black "Castaldo, Folco"]
[Result "1-0"]
[WhiteElo "2317"]
[BlackElo "2361"]
[PlyCount "73"]
[EventDate "2004.11.06"]

1. Nf3 e6 2. c4 f5 3. g3 Nf6 4. Bg2 Be7 5. O-O O-O 6. Nc3 d6 7. d3 Nc6 8. Rb1
a5 9. a3 Qe8 10. b4 axb4 11. axb4 e5 12. b5 Nd4 13. Nxd4 exd4 14. Nd5 Nxd5 15.
Bxd5+ Kh8 16. e3 dxe3 17. Bxe3 Qg6 18. f4 Bf6 19. Qc2 Re8 20. Bf2 h6 21. Rbe1
Kh7 22. Rxe8 Qxe8 23. Re1 Qd7 24. Be6 Qd8 25. d4 Bxe6 26. Rxe6 g6 27. Kg2 Kg7
28. d5 Qd7 29. Qe2 Kf7 30. g4 Rg8 31. Kh1 fxg4 32. Qxg4 Qd8 33. f5 gxf5 34.
Qxf5 Rg6 35. Bd4 Kg7 36. h4 h5 37. Qxh5 1-0

[Event "XI Torneo Internazionale"]
[Site "Montecatini Terme ITA"]
[Date "2004.11.07"]
[Round "2"]
[White "Djuric, Stefan"]
[Black "Miladinovic, Igor"]
[Result "1/2-1/2"]
[WhiteElo "2479"]
[BlackElo "2611"]
[PlyCount "26"]
[EventDate "2004.11.06"]

1. d4 d5 2. Nf3 Nf6 3. c4 e6 4. Nc3 Be7 5. Bg5 h6 6. Bh4 O-O 7. e3 Ne4 8. Bxe7
Qxe7 9. Rc1 Nxc3 10. Rxc3 c6 11. Bd3 dxc4 12. Bxc4 Nd7 13. O-O e5 1/2-1/2

[Event "XI Torneo Internazionale"]
[Site "Montecatini Terme ITA"]
[Date "2004.11.07"]
[Round "2"]
[White "Kaps, Darja"]
[Black "De Santis, Alessio"]
[Result "1/2-1/2"]
[WhiteElo "2236"]
[BlackElo "2268"]
[PlyCount "20"]
[EventDate "2004.11.06"]

1. e4 e6 2. d4 d5 3. Nc3 Nf6 4. e5 Nfd7 5. f4 c5 6. Nf3 Nc6 7. Be3 a6 8. Qd2 b5
9. Qf2 Qb6 10. Bd3 c4 1/2-1/2

[Event "XI Torneo Internazionale"]
[Site "Montecatini Terme ITA"]
[Date "2004.11.07"]
[Round "2"]
[White "Mrdja, Milan"]
[Black "Naumkin, Igor"]
[Result "1/2-1/2"]
[WhiteElo "2420"]
[BlackElo "2479"]
[PlyCount "28"]
[EventDate "2004.11.06"]

1. e4 e6 2. d4 d5 3. exd5 exd5 4. Bd3 Bd6 5. Ne2 Ne7 6. c3 c6 7. Bf4 Bf5 8.
Bxf5 Nxf5 9. Qc2 Qd7 10. Bxd6 Nxd6 11. O-O O-O 12. Nd2 Re8 13. Rae1 Na6 14. Nf3
Nc7 1/2-1/2